Kabir : (Record no. 155108)

MARC details
000 -LEADER
fixed length control field 00595nam a22002057a 4500
003 - CONTROL NUMBER IDENTIFIER
control field dpl
005 - DATE AND TIME OF LATEST TRANSACTION
control field 20180824171318.0
008 - FIXED-LENGTH DATA ELEMENTS--GENERAL INFORMATION
fixed length control field 180730b xxu||||| |||| 00| 0 eng d
020 ## - INTERNATIONAL STANDARD BOOK NUMBER
International Standard Book Number 8126118261
Terms of availability 0.00
035 ## - SYSTEM CONTROL NUMBER
System control number B-161589
040 ## - CATALOGING SOURCE
Original cataloging agency DPL
Language of cataloging EN
Transcribing agency 0
082 ## - DEWEY DECIMAL CLASSIFICATION NUMBER
Classification number 230.35
100 ## - MAIN ENTRY--PERSONAL NAME
Personal name Ralhan,O.P.
245 ## - TITLE STATEMENT
Title Kabir :
Remainder of title The Apostle of Hindu-Muslim Unity/
Statement of responsibility, etc by O.P. Ralhan
260 ## - PUBLICATION, DISTRIBUTION, ETC. (IMPRINT)
Place of publication, distribution, etc New Delhi
Name of publisher, distributor, etc Anmol Publications Pvt Ltd
Date of publication, distribution, etc 2004
300 ## - PHYSICAL DESCRIPTION
Extent xvii,289p.;
Dimensions 21cm
440 ## - SERIES STATEMENT/ADDED ENTRY--TITLE
Title Great Saints of India Series
500 ## - GENERAL NOTE
General note includes index
942 ## - ADDED ENTRY ELEMENTS (KOHA)
Source of classification or shelving scheme Dewey Decimal Classification
Koha item type English Books
Classification part 230.35
Call number suffix RAL

No items available.


© Delhi Public Library
Hit Counter
free hit counter